000 00651nam a22002057a 4500
999 _c690
_d690
003 AR-CdUCM
008 190225b ||||| |||| 00| 0 spa d
040 _aMUNICIPALIDAD PROVINCIAL DEL CUSCO
_cBIBLIOTECA MUNICIPAL DEL CUSCO
082 _a869.56 /
_bM26
100 _aMarquina P. , Pedro A.
_92665
245 _aEsperanza del amor del Amor /
_cMarquina P. , Pedro A.
260 _aLima - Peru:
_bChamorro ,
_c1989.
300 _a41 paginas :
_c20 cm.
650 _aPoesia Peruana.
_9280
650 _aRomantico.
_92666
650 _aPoesia Clasica.
_92667
700 _aMarquina P. , Pedro A.
_92665
942 _2ddc
_cLIBROS
945 _artm
_d2019-02-25